|
|
|
|
| LEADER |
00000cam a2200000 7i4500 |
| 001 |
0000001986 |
| 005 |
20020730.0 |
| 020 |
0 |
0 |
|a 983812057X
|
| 090 |
0 |
0 |
|a R583.750959521
|b CLA 2001
|
| 100 |
1 |
0 |
|a CLARKE
|h Charles
|
| 245 |
1 |
2 |
|a A guide to the pitcher plants of Sabah
|c Charles Clarke, with photographs by Charles Clarke ... (et al.)
|
| 260 |
0 |
0 |
|a Kota Kinabalu, Sabah :
|b Natural History Pub. ,
|c 2001
|
| 300 |
|
|
|a iii, 40 p. :
|b col. ill. ;
|c 26 cm.
|
| 650 |
0 |
0 |
|a Nepenthes
|z Sabah
|
| 650 |
0 |
0 |
|a Pitcher plants
|z Sabah
|
| 998 |
|
|
|a JPSM
|
| 999 |
|
|
|a 0000003345
|b Monograph
|c Reference
|e Default branch
|
| 999 |
|
|
|a 0000003518
|b Monograph
|c Open Shelf
|e Default branch
|